[Event "Warsaw YMCA Spring-C 169th"]
[Site "Warsaw"]
[Date "2016.06.22"]
[Round "13"]
[White "Bialczak, Piotr"]
[Black "Wrabel, Antoni"]
[Result "1-0"]
[WhiteElo "1596"]
[BlackElo "1677"]
[PlyCount "77"]
[EventDate "2016.04.06"]
[EventType "tourn"]
[EventRounds "13"]
[EventCountry "POL"]
[SourceTitle "EXT 2019"]
[Source "ChessBase"]
[SourceDate "2018.10.10"]
[SourceVersion "1"]
[SourceVersionDate "2018.10.10"]
[SourceQuality "1"]

1. e4 e5 2. Nf3 Nc6 3. Bc4 Be7 4. d4 exd4 5. c3 d6 6. Qb3 Ne5 7. Nxe5 dxe5 8. Bxf7+ Kf8 9. 0-0 Nf6 10. f4 dxc3 11. Rd1 Bc5+ 12. Kh1 Qe7 13. Nxc3 Bg4 14. Rf1 Qxf7 15. Qxf7+ Kxf7 16. fxe5 Ke6 17. exf6 gxf6 18. Nd5 Raf8 19. h3 h5 20. g3 Bd6 21. hxg4 hxg4+ 22. Kg2 Be5 23. Bf4 c6 24. Ne3 Rfg8 25. Bxe5 Kxe5 26. Nf5 Rd8 27. Rad1 b5 28. Ne3 Rxd1 29. Nxg4+ Kxe4 30. Nxf6+ Ke3 31. Rxd1 c5 32. Rd5 Rc8 33. g4 a6 34. g5 Rc6 35. Rf5 c4 36. g6 b4 37. g7 Rc8 38. Re5+ Kd3 39. Ne8 1-0

[Event "Warsaw YMCA Spring-C 169th"]
[Site "Warsaw"]
[Date "2016.05.19"]
[Round "6"]
[White "Bialczak, Piotr"]
[Black "Matyszkiewicz, Wiktor"]
[Result "1-0"]
[WhiteElo "1596"]
[BlackElo "1668"]
[PlyCount "139"]
[EventDate "2016.04.06"]
[EventType "tourn"]
[EventRounds "13"]
[EventCountry "POL"]
[SourceTitle "EXT 2019"]
[Source "ChessBase"]
[SourceDate "2018.10.10"]
[SourceVersion "1"]
[SourceVersionDate "2018.10.10"]
[SourceQuality "1"]

1. d4 Nf6 2. e3 g6 3. Bd3 Bg7 4. f4 0-0 5. Nf3 d6 6. 0-0 Nbd7 7. e4 c5 8. c3 Qb6 9. e5 dxe5 10. fxe5 Ng4 11. Qb3 cxd4 12. Qxb6 Nxb6 13. cxd4 Nd5 14. Nc3 Nb4 15. Be4 Rd8 16. h3 Nh6 17. Bf4 Nf5 18. Rad1 f6 19. a3 Nc6 20. exf6 Bxf6 21. Bxf5 Bxf5 22. d5 Na5 23. Bc7 Nc4 24. Bxd8 Rxd8 25. Nd4 Ne3 26. Nxf5 gxf5 27. Rd3 Nxf1 28. Kxf1 e6 29. Rg3+ Kf7 30. dxe6+ Kxe6 31. Ke2 Be5 32. Rd3 Rg8 33. Kf2 f4 34. Ne2 Kf5 35. Kf3 Rg7 36. Nd4+ Kf6 37. Ne2 Rf7 38. Nxf4 Kg5 39. g3 Bxb2 40. h4+ Kf6 41. Rd6+ Ke7 42. Rd3 Bc1 43. Rc3 Bxf4 44. gxf4 Kf6 45. Rc5 Rd7 46. Ke4 Re7+ 47. Kf3 h6 48. Kg4 b6 49. Rc6+ Re6 50. Rc7 Re7 51. Rc4 Rf7 52. Rc6+ Kg7 53. f5 Rf6 54. Rc8 h5+ 55. Kg5 Rf7 56. Rc6 Rd7 57. Rg6+ Kf7 58. Rc6 Re7 59. Kxh5 Re5 60. Kg5 Re7 61. h5 Kg7 62. h6+ Kh7 63. Rg6 Rd7 64. Re6 Rc7 65. Re5 a5 66. f6 Rc3 67. f7 Rc8 68. Re8 Rc5+ 69. Kf6 Rc6+ 70. Ke5 1-0

[Event "Warsaw YMCA Spring-C 169th"]
[Site "Warsaw"]
[Date "2016.04.20"]
[Round "3"]
[White "Trybula, Agata"]
[Black "Bialczak, Piotr"]
[Result "1-0"]
[WhiteElo "1711"]
[BlackElo "1596"]
[PlyCount "135"]
[EventDate "2016.04.06"]
[EventType "tourn"]
[EventRounds "13"]
[EventCountry "POL"]
[SourceTitle "EXT 2019"]
[Source "ChessBase"]
[SourceDate "2018.10.10"]
[SourceVersion "1"]
[SourceVersionDate "2018.10.10"]
[SourceQuality "1"]

1. d4 d5 2. c4 e6 3. Nc3 Nf6 4. Nf3 c6 5. Bg5 Nbd7 6. cxd5 exd5 7. e3 Qa5 8. Bxf6 Nxf6 9. Qb3 Bd6 10. Bd3 0-0 11. 0-0 Re8 12. Qc2 Bg4 13. Nh4 g6 14. f3 Bd7 15. Rae1 Qd8 16. g3 Nh5 17. f4 b5 18. Ng2 b4 19. Na4 f5 20. Nc5 Nf6 21. Nxd7 Qxd7 22. Rc1 Rac8 23. Qa4 Qb7 24. Ba6 Qb6 25. Bxc8 Rxc8 26. Ne1 c5 27. Nd3 c4 28. Ne5 Rc7 29. Qd1 Ne4 30. Qa4 Nf6 31. Kg2 Qb7 32. h3 Qc8 33. Qd1 c3 34. Qb3 a5 35. a4 Rc4 36. Nxc4 dxc4 37. Qc2 Qc6+ 38. Kh2 Ne4 39. bxc3 b3 40. Qe2 Qxa4 41. Ra1 Qb5 42. Rxa5 Qxa5 43. Qxc4+ Kg7 44. Qxb3 Qxc3 45. Qxc3 Nxc3 46. Kg2 Ne4 47. Ra1 h5 48. Ra2 Kf6 49. Kf3 Ke6 50. g4 hxg4+ 51. hxg4 Nf6 52. gxf5+ gxf5 53. Ra5 Nd5 54. Ra6 Ke7 55. Ra7+ Ke6 56. Rh7 Be7 57. Rh6+ Nf6 58. Ke2 Kd5 59. Kd3 Bd8 60. Rh8 Be7 61. Ra8 Bd6 62. Ra5+ Ke6 63. Kc4 Ne4 64. d5+ Kf6 65. Kb5 Bc5 66. Ra6+ Ke7 67. Re6+ Kd7 68. Rxe4 1-0